Register of commissioned and warrant officers of naval militia of U.S.

Bibliographic Details
Corporate Author: United States. Department of the Navy
Format: Government Document eBook
Language:English
Published: [Washington] : GPO, 1912.
Subjects:
Online Access:Connect to the full text of this electronic document

MARC

Tag First Indicator Second Indicator Subfields
LEADER 00000cam a22000001a 4500
001 in00003767708
005 20190408185536.0
006 m o d f
007 cr bn mmmapmmp
008 141211s1912 dcu o f000 0 eng d
035 |a ebd1910601601 
040 |a UMI  |c UMI  |d UtOrBLW 
086 0 |a N 1.27/6:912 
099 |a N1.27-6.3 
110 1 |a United States.  |b Department of the Navy.  |0 http://id.loc.gov/authorities/names/n2003031388 
245 1 0 |a Register of commissioned and warrant officers of naval militia of U.S. 
264 1 |a [Washington] :  |b GPO,  |c 1912. 
300 |a 1 online resource (51 pages) 
336 |a text  |b txt  |2 rdacontent 
337 |a computer  |b c  |2 rdamedia 
338 |a online resource  |b cr  |2 rdacarrier 
500 |a Annual register of commissioned and warrant officers of naval militia. Registers include lists of officers by rank, and vessels assigned to naval militia, by State. Registers also include data on militia personnel by rank and State. 
533 |a Electronic reproduction.  |b [Bethesda, Md.] :  |c ProQuest,  |d 2014.  |e digital, PDF file.  |n ProQuest U.S. Executive Branch Documents  |n Mode of access: World Wide Web via ProQuest website. 
588 |a Record is based on online resource; title from PDF title page (ProQuest, last viewed Dec. 2014). Reuse except for individual research requires license from ProQuest, LLC. 
500 |a Electronic resource. 
650 0 |a Licenses.  |0 http://id.loc.gov/authorities/subjects/sh85076763 
650 0 |a Navies  |x Officers.  |0 http://id.loc.gov/authorities/subjects/sh85090423 
650 0 |a Retired military personnel.  |0 http://id.loc.gov/authorities/subjects/sh85113342 
650 0 |a Sailors.  |0 http://id.loc.gov/authorities/subjects/sh85119329 
655 7 |a Electronic books.  |2 local 
856 4 0 |u http://proxy.library.tamu.edu/login?url=http://congressional.proquest.com/congressional/docview/t66.d71.n1.27-6.3  |z Connect to the full text of this electronic document  |t 0 
999 f f |s c53a73b3-93f8-3ecd-8e71-d23de966b645  |i a98e6264-45f0-363e-bc2e-3b35175fa15a  |t 0 
952 f f |a Texas A&M University  |b College Station  |c Electronic Resources  |d Available Online  |t 0  |h No information provided 
998 f f |t 0  |l Available Online